Т. 68, № 11; Ядерная физика

Bibliographic Details
Parent link:Ядерная физика/ Российская академия наук. Т. 68, № 11.— , 1965-.— 0044-0027
Language:Russian
Published: 2005
Format: Book
KOHA link:https://koha.lib.tpu.ru/cgi-bin/koha/opac-detail.pl?biblionumber=420547

MARC

LEADER 00000nam2a2200000 4500
001 420547
005 20231101073405.0
035 |a (RuTPU)RU\TPU\prd\78144 
035 |a RU\TPU\prd\40532 
090 |a 420547 
100 |a 20100318a19659999k y0rusy50 ca 
101 0 |a rus 
102 |a RU 
200 0 |a Т. 68, № 11 
210 |d 2005 
461 1 |0 (RuTPU)RU\TPU\prd\397  |x 0044-0027  |t Ядерная физика  |f Российская академия наук  |v Т. 68, № 11  |d 1965- 
801 0 |a RU  |b 63413507  |c 20010227  |g PSBO 
801 1 |a RU  |b 63413507  |c 20051221  |g PSBO 
801 2 |a RU  |b 63413507  |c 20110310  |g PSBO 
942 |c BK 
999 |a НТБ_ТПУ  |b НФ  |e -1/20050104  |p П-7300  |s 1/20050405  |u 0,00  |v 1